|
|
|
|
| LEADER |
00000nam0a2200000 4500 |
| 001 |
174577 |
| 005 |
20231101223153.0 |
| 035 |
|
|
|a (RuTPU)RU\TPU\book\189308
|
| 090 |
|
|
|a 174577
|
| 100 |
|
|
|a 20100129d1977 k y0rusy50 ca
|
| 101 |
0 |
|
|a rus
|
| 102 |
|
|
|a RU
|
| 105 |
|
|
|a a z 000zy
|
| 200 |
1 |
|
|a О физике и физиках
|f А. Ф. Иоффе
|g Академия наук СССР (АН СССР), Физико-технический институт им. А. Ф. Иоффе (ФТИ)
|
| 210 |
|
|
|a Ленинград
|c Наука
|d 1977
|
| 215 |
|
|
|a 259 с.
|
| 600 |
|
1 |
|a Иоффе
|b А. Ф.
|c российский физик
|c академик
|f 1880-1960
|g Абрам Федорович
|2 stltpush
|3 (RuTPU)RU\TPU\pers\5701
|9 1134
|
| 600 |
|
1 |
|a Рентген
|b В. К.
|c немецкий физик
|f 1845-1923
|g Вильгельм Конрад
|2 stltpush
|3 (RuTPU)RU\TPU\pers\4386
|9 985
|
| 600 |
|
1 |
|a Склодовская-Кюри
|g Мария
|b М.
|c французский физик
|c химик
|f 1876-1934
|c Нобелевский лауреат
|2 stltpush
|3 (RuTPU)RU\TPU\pers\1471
|
| 600 |
|
1 |
|a Кюри
|b П.
|c французский физик
|c член Парижской АН
|f 1859-1906
|g Пьер
|2 stltpush
|3 (RuTPU)RU\TPU\pers\12088
|9 3158
|
| 600 |
|
1 |
|a Планк
|g Макс
|b М.
|c немецкий физик
|f 1858-1947
|2 stltpush
|3 (RuTPU)RU\TPU\pers\1580
|
| 600 |
|
1 |
|a Эйнштейн
|g Альберт
|b А.
|c немецкий физик-теоретик
|c Нобелевский лауреат
|f 1879-1955
|2 stltpush
|3 (RuTPU)RU\TPU\pers\817
|
| 606 |
|
|
|a Физика
|2 stltpush
|3 (RuTPU)RU\TPU\subj\63709
|9 80688
|
| 606 |
|
|
|a Физики
|x Персоналии
|2 stltpush
|3 (RuTPU)RU\TPU\subj\67452
|9 83245
|
| 610 |
1 |
|
|a физическая наука
|
| 610 |
1 |
|
|a история
|
| 610 |
1 |
|
|a полупроводники
|
| 610 |
1 |
|
|a агрофизика
|
| 610 |
1 |
|
|a теплоэнергетика
|
| 675 |
|
|
|a 53
|v 3
|
| 675 |
|
|
|a 53(092)
|v 3
|
| 700 |
|
1 |
|a Иоффе
|b А. Ф.
|g Абрам Федорович
|
| 712 |
0 |
2 |
|a Академия наук СССР (АН СССР)
|b Физико-технический институт им. А. Ф. Иоффе (ФТИ)
|c (Ленинград)
|2 stltpush
|3 (RuTPU)RU\TPU\col\12056
|
| 801 |
|
1 |
|a RU
|b 63413507
|c 20100129
|
| 801 |
|
2 |
|a RU
|b 63413507
|c 20220225
|g RCR
|
| 942 |
|
|
|c BK
|